|
|
|
|
| LEADER |
01975nam a22004095i 4500 |
| 001 |
978-1-908517-02-9 |
| 003 |
DE-He213 |
| 005 |
20150520195335.0 |
| 007 |
cr nn 008mamaa |
| 008 |
111112s2009 xxk| s |||| 0|eng d |
| 020 |
|
|
|a 9781908517029
|9 978-1-908517-02-9
|
| 024 |
7 |
|
|a 10.1007/978-1-908517-02-9
|2 doi
|
| 040 |
|
|
|d GrThAP
|
| 050 |
|
4 |
|a RC434.2-574
|
| 072 |
|
7 |
|a MMH
|2 bicssc
|
| 072 |
|
7 |
|a MED105000
|2 bisacsh
|
| 082 |
0 |
4 |
|a 616.89
|2 23
|
| 100 |
1 |
|
|a Montgomery, Stuart A.
|e author.
|
| 245 |
1 |
0 |
|a Handbook of Generalised Anxiety Disorder
|h [electronic resource] /
|c by Stuart A Montgomery.
|
| 264 |
|
1 |
|a Tarporley :
|b Springer Healthcare Ltd. :
|b Imprint: Springer Healthcare,
|c 2009.
|
| 300 |
|
|
|a VIII, 61p. 16 illus. in color.
|b online resource.
|
| 336 |
|
|
|a text
|b txt
|2 rdacontent
|
| 337 |
|
|
|a computer
|b c
|2 rdamedia
|
| 338 |
|
|
|a online resource
|b cr
|2 rdacarrier
|
| 347 |
|
|
|a text file
|b PDF
|2 rda
|
| 505 |
0 |
|
|a The changing concept of generalised anxiety disorder -- How common is generalised anxiety disorder? -- Presenting features of generalised anxiety disorder -- Comorbidity of generalised anxiety disorder with other conditions -- Burden of generalised anxiety disorder -- Measuring the severity of generalised anxiety disorder -- Pharmacological treatments -- Psychological treatment -- Which treatments, when and for how long?.
|
| 520 |
|
|
|a Authored by a well known expert, the Handbook of Generalised Anxiety Disorder provides a user-friendly and comprehensive review of this important condition. Well known author, comprehensive review in a concise format.
|
| 650 |
|
0 |
|a Medicine.
|
| 650 |
|
0 |
|a Psychiatry.
|
| 650 |
1 |
4 |
|a Medicine & Public Health.
|
| 650 |
2 |
4 |
|a Psychiatry.
|
| 710 |
2 |
|
|a SpringerLink (Online service)
|
| 773 |
0 |
|
|t Springer eBooks
|
| 776 |
0 |
8 |
|i Printed edition:
|z 9781858734415
|
| 856 |
4 |
0 |
|u http://dx.doi.org/10.1007/978-1-908517-02-9
|z Full Text via HEAL-Link
|
| 912 |
|
|
|a ZDB-2-SME
|
| 950 |
|
|
|a Medicine (Springer-11650)
|